Bringing back the animals
| Main Author: | |
|---|---|
| Format: | Book |
| Published: |
N.York :
Amethyst Books ,
1991
|
| Subjects: |
MARC
| LEADER | 00000cam a2200000 7i4500 | ||
|---|---|---|---|
| 001 | 0000006054 | ||
| 002 | 000006543 | ||
| 005 | 20000330.0 | ||
| 020 | |a 0944256066 | ||
| 090 | 0 | 0 | |a JF |b KEN |
| 100 | 1 | |a Kennedy, Teressa | |
| 245 | 1 | 0 | |a Bringing back the animals |c Teressa Kennedy ; illustrations by Sue Williams |
| 260 | |a N.York : |b Amethyst Books , |c 1991 | ||
| 300 | |a P.V : |b ill ; |c 25cm. | ||
| 650 | 0 | 0 | |a Children's stories |
| 999 | |a 037885 |b BUKU |c PINJAMAN |e PERPUSTAKAAN KOMUNITI PETALING JAYA | ||